| 000 | 00479nam a22001697a 4500 | ||
|---|---|---|---|
| 999 |
_c41083 _d41083 |
||
| 003 | OSt | ||
| 005 | 20210308160253.0 | ||
| 008 | 210308b ||||| |||| 00| 0 eng d | ||
| 020 | _a9788126463800 | ||
| 040 | _coclc | ||
| 082 |
_a894.8113 _bMUR/A |
||
| 100 |
_96446 _aMurugan, Perumal |
||
| 245 |
_aArdhanareeswaran / _cPerumal Murugan |
||
| 260 |
_aKottayam: _bD C Books, _c2016. |
||
| 300 | _a189p | ||
| 942 |
_2ddc _cBK _h894.8113 _iMUR/A _k894.8113 _mMUR/A |
||